The War system : (Record no. 126693)

MARC details
000 -LEADER
campo de control de longitud fija 04110pam a2200457 i 4500
001 - NÚMERO DE CONTROL
campo de control 3226961
003 - IDENTIFICADOR DE NÚMERO DE CONTROL
campo de control BJBSDDR
005 - FECHA Y HORA DE LA ÚLTIMA TRANSACCIÓN
campo de control 20260325192321.0
006 - CÓDIGOS DE INFORMACIÓN DE LONGITUD FIJA--CARACTERÍSTICAS DEL MATERIAL ADICIONAL
campo de control de longitud fija a|||||r|||| 00| 0
007 - CAMPO FIJO DE DESCRIPCIÓN FÍSICA--INFORMACIÓN GENERAL
campo de control de longitud fija ta
008 - DATOS DE LONGITUD FIJA--INFORMACIÓN GENERAL
campo de control de longitud fija 790807s1980 coua rb 000 0 eng
010 ## - NÚMERO DE CONTROL DE LA BIBLIOTECA DEL CONGRESO
Número de control de LC 79019566
020 ## - NÚMERO INTERNACIONAL ESTÁNDAR DEL LIBRO
Número Internacional Estándar del Libro 0891585699
020 ## - NÚMERO INTERNACIONAL ESTÁNDAR DEL LIBRO
Número Internacional Estándar del Libro 0865310424
Información calificativa pbk.
020 ## - NÚMERO INTERNACIONAL ESTÁNDAR DEL LIBRO
Número Internacional Estándar del Libro 9780891585695
020 ## - NÚMERO INTERNACIONAL ESTÁNDAR DEL LIBRO
Número Internacional Estándar del Libro 9780865310421
Información calificativa (pbk.)
035 ## - NÚMERO DE CONTROL DEL SISTEMA
Número de control de sistema 3226961
040 ## - FUENTE DE CATALOGACIÓN
Centro catalogador/agencia de origen DLC
Lengua de catalogación eng
Centro/agencia transcriptor DLC
Centro/agencia modificador DLC
041 ## - CÓDIGO DE IDIOMA
Código de lengua del texto/banda sonora o título independiente eng
050 00 - SIGNATURA TOPOGRÁFICA DE LA BIBLIOTECA DEL CONGRESO
Número de clasificación HM36.5
Número de ítem .W253 1980
082 00 - NÚMERO DE LA CLASIFICACIÓN DECIMAL DEWEY
Número de clasificación 301.6/334
245 04 - MENCIÓN DEL TÍTULO
Título The War system :
Resto del título an interdisciplinary approach /
Mención de responsabilidad, etc. edited by Richard A. Falk and Samuel S. Kim.
260 ## - PUBLICACIÓN, DISTRIBUCIÓN, ETC.
Lugar de publicación, distribución, etc. Boulder, Colo. :
Nombre del editor, distribuidor, etc. Westview Press,
Fecha de publicación, distribución, etc. 1980.
300 ## - DESCRIPCIÓN FÍSICA
Extensión xvi, 659 pages :
Otras características físicas illustrations ;
Dimensiones 24 cm
336 ## - TIPO DE CONTENIDO
Término de tipo de contenido text
Código de tipo de contenido txt
Fuente rdacontent
337 ## - TIPO DE MEDIO
Nombre/término del tipo de medio unmediated
Código del tipo de medio n
Fuente rdamedia
338 ## - TIPO DE SOPORTE
Nombre/término del tipo de soporte volume
Código del tipo de soporte nc
Fuente rdacarrier
440 #0 - MENCIÓN DE SERIE/PUNTO DE ACCESO ADICIONAL--TÍTULO
Título Westview special studies in peace, conflict, and conflict resolution
500 ## - NOTA GENERAL
Nota general "Written under the auspices of the Center of International Studies, Princeton University."
504 ## - NOTA DE BIBLIOGRAFÍA, ETC.
Nota de bibliografía, etc. Bibliography: p. 645-654.
505 ## - NOTA DE CONTENIDO CON FORMATO
Nota de contenido con formato Contenidos : Preliminary sections<br/>List of Tables and Figures<br/>Acknowledgments<br/>General Introduction<br/>🔹 Part 1: Moral and Philosophical Inquiries<br/>Introduction<br/>War and Massacre – Thomas Nagel<br/>Anarchism and World Order – Richard A. Falk<br/>Contrasting Approaches to Conflict – Margaret W. Fisher<br/>🔹 Part 2: Ethological and Psychological Inquiries<br/>Introduction<br/>The Lorenzian Theory of Aggression and Peace Research: A Critique – Samuel S. Kim<br/>The Frustration-Aggression Hypothesis – Leonard Berkowitz<br/>The Social Learning Theory of Aggression – Albert Bandura<br/>🔹 Part 3: Cultural and Anthropological Inquiries<br/>Introduction<br/>Anthropology and the Study of Conflict – Robert A. Le Vine<br/>Peaceful Societies – David Fabbro<br/>Internal War: A Cross-Cultural Study<br/>🔹 Part 4: Sociopsychological Inquiries<br/>Introduction<br/>Personality Dynamics and Social Conflict<br/>Psychological Factors in Civil Violence<br/>Aggressive Behaviors Within Politics (Cross-National Study)<br/>🔹 Part 5: Sociological Inquiries<br/>Introduction<br/>The Nature of Conflict<br/>Some Social Functions of Violence<br/>Societal Approaches to the Study of War<br/>🔹 Part 6: Socioeconomic Inquiries<br/>Introduction<br/>The Economic Foundations of Wars<br/>Economic Imperialism<br/>A Structural Theory of Imperialism<br/>🔹 Part 7: Decisionmaking Inquiries<br/>Introduction<br/>Hypotheses on Misperception<br/>Crisis, Stress, and Decisionmaking<br/>Case Studies: Korea and Cuba<br/>🔹 Part 8: International Systemic Inquiries<br/>Introduction<br/>National Images and International Systems<br/>Patterns in International Warfare (1816–1965)<br/>Cause, Surprise, and No Escape<br/>🔹 Part 9: Normative Inquiries<br/>Introduction<br/>International Law and the Control of Force<br/>The Grotian Conception of International Society<br/>Unravelling the Future of World Order<br/>Final sections<br/>Selected Bibliography
520 ## - RESUMEN, ETC.
Sumario, etc. This book examines war as part of a broader “war system”—a set of political, economic, and social structures that make armed conflict recurring in international relations.<br/><br/>Instead of seeing wars as isolated events, the contributors argue that:<br/><br/>War is built into the global system (state competition, power struggles, militarization).<br/>Political ideologies, economic interests, and security fears reinforce conflict.<br/>Lasting peace requires systemic change, not just conflict resolution.<br/><br/>The book combines perspectives from political science, law, sociology, and history to explain both the causes of war and possible alternatives, such as stronger international institutions and global cooperation.
650 #0 - PUNTO DE ACCESO ADICIONAL DE MATERIA--TÉRMINO DE MATERIA
Término de materia o nombre geográfico como elemento de entrada War and society.
700 1# - ENTRADA AGREGADA--NOMBRE PERSONAL
Nombre de persona Falk, Richard A.,
Fechas asociadas al nombre 1930-
Término indicativo de función/relación ed.
9 (RLIN) 47704
700 1# - ENTRADA AGREGADA--NOMBRE PERSONAL
Nombre de persona Falk, Richard A.,
Fechas asociadas al nombre 1935-
Término indicativo de función/relación ed.
9 (RLIN) 47705
856 42 - LOCALIZACIÓN Y ACCESO ELECTRÓNICOS
Materiales especificados Contributor biographical information
Identificador Uniforme de Recursos <a href="http://www.loc.gov/catdir/enhancements/fy0831/79019566-b.html">http://www.loc.gov/catdir/enhancements/fy0831/79019566-b.html</a>
906 ## - ELEMENTOS DE DATOS F LOCAL, LDF (RLIN)
a 7
b cbc
c orignew
d 1
e ocip
f 19
g y-gencatlg
942 ## - ELEMENTOS DE ENTRADA SECUNDARIOS (KOHA)
Fuente del sistema de clasificación o colocación Clasificación de Library of Congress
Suprimir en OPAC No
Tipo de ítem Koha Libro
946 ## - PROCESAMIENTO DE INFORMACIÓN LOCAL (OCLC)
Iniciales del agente catalogador llh
Holdings
Estatus retirado Estado de pérdida Fuente del sistema de clasificación o colocación Estado de daño No para préstamo Colección Biblioteca de origen Biblioteca actual Ubicación en estantería Fecha de adquisición Signatura topográfica completa Código de barras Visto por última vez Copia número Tipo de ítem Koha
    Clasificación de Library of Congress     Automatización y Procesos Técnicos Biblioteca Juan Bosch Biblioteca Juan Bosch Automatización y Procesos Técnicos (1er. Piso) 25/03/2026 HM36.5 .W253 1980 00000198481 25/03/2026 1 Libro